5 Biggest Cities in Random Circles on a World Map - Statistics

General Stats
  • This quiz has been taken 5,261 times
  • The average score is 17 of 25
Answers on the Map
Answers color-coded by a green-red scale on the quiz's map according to % correct below.
 
Answer Stats
Circle City % Correct
Circle London
98%
Circle Madrid
97%
Circle Tokyo
97%
Circle Cairo
96%
Circle Lisbon
95%
Circle Los Angeles
95%
Circle Barcelona
94%
Circle Havana
94%
Circle Miami
94%
Circle Rome
94%
Circle Seattle
94%
Circle Ankara
93%
Circle New York City
93%
Circle San Francisco
93%
Circle Sydney
93%
Circle Chicago
92%
Circle Istanbul
92%
Circle Lima
92%
Circle Kiev
91%
Circle Seoul
91%
Circle Naples
89%
Circle Vancouver
89%
Circle Boston
88%
Circle Cape Town
88%
Circle Melbourne
88%
Circle Miami
88%
Circle Oslo
88%
Circle Panama City
88%
Circle Stockholm
88%
Circle Bogotá
87%
Circle Copenhagen
87%
Circle Houston
87%
Circle Manchester
87%
Circle Manila
87%
Circle Osaka
87%
Circle San Diego
87%
Circle Vienna
87%
Circle Auckland
86%
Circle Buenos Aires
86%
Circle Detroit
86%
Circle Rio de Janeiro
86%
Circle Alexandria
85%
Circle Algiers
85%
Circle Bangkok
85%
Circle Dallas
85%
Circle Lagos
85%
Circle Las Vegas
85%
Circle Paris
85%
Circle Prague
85%
Circle Santiago
85%
Circle Delhi
84%
Circle Havana
84%
Circle Liverpool
84%
Circle Mumbai
83%
Circle Toronto
83%
Circle Washington, D.C.
83%
Circle Baghdad
82%
Circle Belgrade
82%
Circle Birmingham
82%
Circle Brussels
82%
Circle Mexico City
82%
Circle Minsk
82%
Circle Montevideo
82%
Circle Tehran
82%
Circle Berlin
81%
Circle Casablanca
81%
Circle São Paulo
81%
Circle Austin
80%
Circle Budapest
80%
Circle Johannesburg
80%
Circle Phoenix
80%
Circle Quito
80%
Circle Riyadh
80%
Circle Caracas
79%
Circle Hamburg
79%
Circle Jakarta
79%
Circle Orlando
79%
Circle Port-au-Prince
79%
Circle Brasília
78%
Circle La Paz
78%
Circle Philadelphia
78%
Circle Warsaw
78%
Circle Hanoi
77%
Circle Kabul
77%
Circle Nairobi
77%
Circle Sofia
77%
Circle Addis Ababa
76%
Circle Kinshasa
76%
Circle Rotterdam / The Hague
76%
Circle Amman
75%
Circle Brisbane
75%
Circle Karachi
75%
Circle Khartoum
75%
Circle Milan
75%
Circle Tampa
75%
Circle Dakar
74%
Circle Ho Chi Minh City
74%
Circle Leeds
74%
Circle Minneapolis
74%
Circle Santo Domingo
74%
Circle Shanghai
74%
Circle Singapore
74%
Circle Dhaka
73%
Circle Florence
73%
Circle Marseille
73%
Circle Portland
73%
Circle Adelaide
72%
Circle Amman
72%
Circle Atlanta
72%
Circle Guatemala City
72%
Circle Beijing
71%
Circle Cleveland
71%
Circle Jacksonville
71%
Circle Lyon
71%
Circle Munich
71%
Circle Asunción
70%
Circle Calgary
70%
Circle Dar es Salaam
70%
Circle Nur-Sultan
70%
Circle Edmonton
69%
Circle Kuala Lumpur
69%
Circle Luanda
69%
Circle Mogadishu
69%
Circle Busan
68%
Circle Lahore
68%
Circle San Antonio
68%
Circle San José
68%
Circle Medellín
67%
Circle Accra
66%
Circle Cologne / Dusseldorf
66%
Circle San Salvador
66%
Circle Brazzaville
64%
Circle Phnom Penh
64%
Circle Moscow
63%
Circle Kampala
62%
Circle Kolkata
62%
Circle Monterrey
62%
Circle San Juan
62%
Circle Nagoya
60%
Circle Bangalore
59%
Circle Charlotte
59%
Circle Kathmandu
59%
Circle Managua
59%
Circle Turin
59%
Circle Bishkek
58%
Circle Chennai
58%
Circle Frankfurt
58%
Circle Manaus
58%
Circle Bamako
57%
Circle Freetown
57%
Circle Córdoba
56%
Circle Kharkiv
56%
Circle Maputo
55%
Circle Conakry
54%
Circle Lusaka
54%
Circle Tashkent
54%
Circle Yangon
54%
Circle Hyderabad
53%
Circle Abidjan
52%
Circle Almaty
52%
Circle Guadalajara
52%
Circle Recife
52%
Circle Durban
51%
Circle Guayaquil
51%
Circle Nouakchott
51%
Circle Cali
50%
Circle Kano
49%
Circle Monterrey
49%
Circle Nashville
49%
Circle Ahmedabad
48%
Circle Belo Horizonte
48%
Circle Raleigh
48%
Circle Salvador
46%
Circle Urumqi
46%
Circle Hartford
45%
Circle Wuhan
45%
Circle Fortaleza
44%
Circle Surabaya
43%
Circle Volgograd
43%
Circle Belém
41%
Circle Chittagong
41%
Circle Virginia Beach
41%
Circle Maracaibo
40%
Circle Cebu
39%
Circle Dnipro
39%
Circle Tianjin
39%
Circle Davao
38%
Circle Ibadan
38%
Circle Upper Silesia
38%
Circle Yekaterinburg
37%
Circle Nizhny Novgorod
36%
Circle Pune
36%
Circle Bandung
35%
Circle Medan
33%
Circle Hangzhou
31%
Circle Curitiba
30%
Circle Lubumbashi
29%
Circle Nanjing
28%
Circle George Town
27%
Circle Chelyabinsk
25%
Circle Makassar
24%
Circle Qingdao
24%
Circle Mbuji-Mayi
23%
Circle São Luís
23%
Circle The Ruhr
23%
Circle Yogyakarta
21%
Circle Patna
18%
Circle Angeles
17%
Circle Semarang
15%
Circle Wenzhou
12%
Circle Toluca
11%
Circle Shijiazhuang
10%
Circle Pekanbaru
8%
Circle Pueblo
6%
Circle Chenyang
0%
No matching quizzes found
Score Distribution
Percent of People with Each Score
Percentile by Number Answered
Your Score History
You have not taken this quiz